000 02702nam a2200217Ia 4500
003 Ost
005 20260507075445.0
008 260507s9999||||xx |||||||||||||| ||und||
040 _cfsecg
041 _aara
082 _a658.8
100 _aابونصار، محمد
_eمؤلف
245 0 _aمعايير المحاسبية والابلاغ المالي الدولية :
_bالجوانب النظرية والعملية /
_c محمد ابونصار
260 _aعمان:
_bدار وائل,
_c2008
300 _a793 صفحة؛
_bإيضاحات ؛
_c23 سم
520 _aالاطار المفاهيمي لإعداد وعرض القوائم الماليةن عرض القوائم المالية، المخزون، قائمة التدفقات النقدية، السياسات المحاسبية والتغيرات في التقديرات المحاسبية والأخطاء، الأحداث اللاحقة لتاريخ الميزانية، عقود الانشاء، ضرائب الدخل، التقارير حول القطاعات، الممتلكات والمصانع والمعداتت، عقود الايجار، الايرادات، منافع الموظفين، محاسبة المنح الحكومية والافصاح عن المساعدات الحكومية، آثار التغيرات في أسعار صرف العملات الأجنبية، تكاليف الاقتراض، الافصاحات عن الأطراف ذات العلاقة، المحاسبة والتقرير عن برامج منافع التقاعد، القوائم المالية الموحدة والمنفصلة، الاستثمارات في الشركات الزميلة، التقرير المالي في الاقتصاديات ذات التضخم المرتفع، الحصص في المشاريع المشتركة، الأدوات المالية، ربحية السهم، التقارير المالية المرحلية، الانخفاض في قيمة الأصول، المخصصات الأصول والالتزامات المحتملة، الأصول غير الملموسة، الأدوات المالية، الممتلكات الاستثمارية، الزراعةـ تطبيق معايير الابلاغ المالي الدولية لأول مرة، المدفوعات على أساس الأسهم، اندماج الأعمال، عقود التأمين، الأصول غير المتداولة المحتفظ بها للبيع والعمليات المتوقعة، الكشف عن المصادر المعدنية الطبيعية، وتقييمها، الأدوات المالية (الافصاح)
653 _aالتامين
653 _aالعقود
653 _aالمحاسبة
942 _cكتاب
999 _c44578
_d44578